| 000 | 00702nam a22002057a 4500 | ||
|---|---|---|---|
| 003 | BD-DhUL | ||
| 005 | 20201103114142.0 | ||
| 008 | 201028s2020 bg ||||| |||| 00| 0 ben | ||
| 020 | _a9789841108564 hbk | ||
| 040 |
_aBD-DhUL _cBD-DhUL |
||
| 082 |
_a891.443 _bISE |
||
| 100 | 1 | _aইসলাম, সৈয়দ নুরুল | |
| 245 | 0 | 0 |
_aএকাত্তরের কুসুমেরা / _cসৈয়দ নুরুল ইসলাম |
| 260 |
_aঢাকা : _bআহমদ, _c২০২০ |
||
| 300 |
_a১৫৮ পৃ.; _c২২ সেমি |
||
| 365 |
_b300.0 _cBDT |
||
| 650 | 4 | _aবাংলা উপন্যাস | |
| 650 | 4 | _aBengali fictions | |
| 942 |
_2ddc _cBK |
||
| 999 |
_c252153 _d252153 |
||